| 000 -LEADER |
| fixed length control field |
00846cam a2200241 a 4500 |
| 001 - CONTROL NUMBER |
| control field |
14529066 |
| 005 - DATE AND TIME OF LATEST TRANSACTION |
| control field |
20221114124910.0 |
| 008 - FIXED-LENGTH DATA ELEMENTS--GENERAL INFORMATION |
| fixed length control field |
060831s2007 enka bb 001 0 eng |
| 020 ## - INTERNATIONAL STANDARD BOOK NUMBER |
| International Standard Book Number |
0716774771x |
| 041 ## - LANGUAGE CODE |
| Language code of text/sound track or separate title |
eng |
| 080 ## - UNIVERSAL DECIMAL CLASSIFICATION NUMBER |
| Universal Decimal Classification number |
159.9.07 H-71 |
| 100 1# - MAIN ENTRY--PERSONAL NAME |
| Personal name |
Hockenbury, Don H. |
| 9 (RLIN) |
2804 |
| 245 10 - TITLE STATEMENT |
| Title |
Discovering psychology / |
| Statement of responsibility, etc. |
Don H. Hockenbury, Sandra E. Hockenbury. |
| 260 ## - PUBLICATION, DISTRIBUTION, ETC. |
| Place of publication, distribution, etc. |
New York : |
| Name of publisher, distributor, etc. |
Worth Publishers, |
| Date of publication, distribution, etc. |
c2007. |
| 300 ## - PHYSICAL DESCRIPTION |
| Extent |
xlii, 587 p., [121] : |
| Other physical details |
ill. (some col.) ; |
| Dimensions |
28 cm. |
| 504 ## - BIBLIOGRAPHY, ETC. NOTE |
| Bibliography, etc. note |
Includes bibliographical references (p. R-1-R-57) and indexes. |
| 650 #0 - SUBJECT ADDED ENTRY--TOPICAL TERM |
| Topical term or geographic name entry element |
Psychology |
| Form subdivision |
Textbooks. |
| 9 (RLIN) |
2805 |
| 653 ## - INDEX TERM--UNCONTROLLED |
| keyword |
ფსიქოლოგია |
| 700 1# - ADDED ENTRY--PERSONAL NAME |
| Personal name |
Hockenbury, Sandra E. |
| 9 (RLIN) |
2806 |
| 906 ## - LOCAL DATA ELEMENT F, LDF (RLIN) |
| a |
7 |
| b |
cbc |
| c |
origcop |
| d |
2 |
| e |
ncip |
| f |
20 |
| g |
y-gencatlg |
| 942 ## - ADDED ENTRY ELEMENTS (KOHA) |
| Source of classification or shelving scheme |
|
| Koha item type |
წიგნი |